The Sasanian era (Record no. 9514)
[ view plain ]
| 000 -LEADER | |
|---|---|
| fixed length control field | 01646nam a2200385Ia 4500 |
| 001 - CONTROL NUMBER | |
| control field | ebr10267535 |
| 003 - CONTROL NUMBER IDENTIFIER | |
| control field | CaPaEBR |
| 006 - FIXED-LENGTH DATA ELEMENTS--ADDITIONAL MATERIAL CHARACTERISTICS--GENERAL INFORMATION | |
| fixed length control field | m u |
| 007 - PHYSICAL DESCRIPTION FIXED FIELD--GENERAL INFORMATION | |
| fixed length control field | cr cn||||||||| |
| 008 - FIXED-LENGTH DATA ELEMENTS--GENERAL INFORMATION | |
| fixed length control field | 080715s2008 enkab sb 100 0 eng d |
| 010 ## - LIBRARY OF CONGRESS CONTROL NUMBER | |
| Canceled/invalid LC control number | 2008275054 |
| 020 ## - INTERNATIONAL STANDARD BOOK NUMBER | |
| Cancelled/invalid ISBN | 9781845116903 |
| Cancelled/invalid ISBN | 1845116909 |
| 040 ## - CATALOGING SOURCE | |
| Original cataloging agency | CaPaEBR |
| Transcribing agency | CaPaEBR |
| 035 ## - SYSTEM CONTROL NUMBER | |
| System control number | (OCoLC)614595327 |
| 050 14 - LIBRARY OF CONGRESS CALL NUMBER | |
| Classification number | DS286 |
| Item number | .S27 2008eb |
| 245 04 - TITLE STATEMENT | |
| Title | The Sasanian era |
| Medium | [electronic resource] / |
| Statement of responsibility, etc | edited by Vesta Sarkhosh Curtis and Sarah Stewart. |
| 260 ## - PUBLICATION, DISTRIBUTION, ETC. (IMPRINT) | |
| Place of publication, distribution, etc | London ; |
| -- | New York, NY : |
| Name of publisher, distributor, etc | I.B. Tauris in association with The London Middle East Institute at SOAS and The British Museum ; |
| Place of publication, distribution, etc | New York, NY : |
| Name of publisher, distributor, etc | Distributed by Palgrave Macmillan, |
| Date of publication, distribution, etc | 2008. |
| 300 ## - PHYSICAL DESCRIPTION | |
| Extent | 175 p. : |
| Other physical details | ill., map. |
| 490 1# - SERIES STATEMENT | |
| Series statement | The idea of Iran ; |
| Volume number/sequential designation | v. 3 |
| 500 ## - GENERAL NOTE | |
| General note | Proceedings of two symposia. |
| 504 ## - BIBLIOGRAPHY, ETC. NOTE | |
| Bibliography, etc | Includes bibliographical references (p. [158]-175). |
| 533 ## - REPRODUCTION NOTE | |
| Type of reproduction | Electronic reproduction. |
| Place of reproduction | Palo Alto, Calif. : |
| Agency responsible for reproduction | ebrary, |
| Date of reproduction | 2011. |
| Note about reproduction | Available via World Wide Web. |
| -- | Access may be limited to ebrary affiliated libraries. |
| 650 #0 - SUBJECT ADDED ENTRY--TOPICAL TERM | |
| Topical term or geographic name as entry element | Sassanids |
| Form subdivision | Congresses. |
| 651 #0 - SUBJECT ADDED ENTRY--GEOGRAPHIC NAME | |
| Geographic name | Iran |
| General subdivision | History |
| Chronological subdivision | To 640 |
| Form subdivision | Congresses. |
| 655 #7 - INDEX TERM--GENRE/FORM | |
| Genre/form data or focus term | Electronic books. |
| Source of term | local |
| 700 1# - ADDED ENTRY--PERSONAL NAME | |
| Personal name | Curtis, Vesta Sarkhosh. |
| Personal name | Stewart, Sarah |
| Fuller form of name | (Sarah Rosemary Anne) |
| 710 2# - ADDED ENTRY--CORPORATE NAME | |
| Corporate name or jurisdiction name as entry element | University of London. |
| Subordinate unit | School of Oriental and African Studies. |
| Corporate name or jurisdiction name as entry element | London Middle East Institute. |
| Corporate name or jurisdiction name as entry element | British Museum. |
| Corporate name or jurisdiction name as entry element | ebrary, Inc. |
| 830 #0 - SERIES ADDED ENTRY--UNIFORM TITLE | |
| Uniform title | Idea of Iran ; |
| Volume number/sequential designation | v. 3. |
| 856 40 - ELECTRONIC LOCATION AND ACCESS | |
| Uniform Resource Identifier | <a href="http://site.ebrary.com/lib/rucke/Doc?id=10267535">http://site.ebrary.com/lib/rucke/Doc?id=10267535</a> |
| Public note | An electronic book accessible through the World Wide Web; click to view |
No items available.
